The economics of take-off into sustained growth : proceedings of a conference held by the International Economic Association
Salvato in:
| Ente Autore: | |
|---|---|
| Altri autori: | |
| Natura: | Libro |
| Pubblicazione: |
London :
Macmillan,
C1963.
|
| Soggetti: | |
| Tags: |
Aggiungi Tag
Nessun Tag, puoi essere il primo ad aggiungerne!!
|
MARC
| LEADER | 00000cam a2200000u 4500 | ||
|---|---|---|---|
| 020 | |a NA |c NA | ||
| 040 | |a MUL |b eng |e AACR |c mul | ||
| 082 | |a 330.9 ROS | ||
| 110 | |a International Economic Association | ||
| 245 | 1 | 4 | |a The economics of take-off into sustained growth : |b proceedings of a conference held by the International Economic Association |c / edited by W. W. Rostow |
| 260 | |a London : |b Macmillan, |c C1963. | ||
| 300 | |a xxvi, 481 p. : |b diagrams., tables ; |c 23 cm. | ||
| 504 | |a Includes index | ||
| 546 | |a eng | ||
| 650 | 0 | |a Economic development. | |
| 650 | 0 | |a Industrialization. | |
| 700 | |a Rostow, W. W. | ||
| 942 | |c BK | ||
| 999 | |c 7967 |d 7967 | ||